|
|
|
|
| LEADER |
01402nam a2200313 a 4500 |
| 001 |
12877037 |
| 008 |
110111s2010 nyua 001 0 eng d |
| 010 |
|
|
|a 2002012231
|
| 020 |
|
|
|a 9780070669123
|
| 020 |
|
|
|a 0071398775 (pbk. : alk. paper)
|
| 040 |
|
|
|a DLC
|c DLC
|d DLC
|d BD-DhAAL
|
| 082 |
0 |
0 |
|a 510
|2 21
|
| 100 |
1 |
|
|a Lipschutz, Seymour
|
| 246 |
3 |
0 |
|a Discrete mathematics.
|
| 245 |
0 |
0 |
|a Schaum's outlines discrete mathematics /
|c Seymour Lipschutz, Ph.D. and Marc Lars Lipson, Ph.D. & adapted by Varsha H Patil
|
| 250 |
|
|
|a 3rd ed.
|
| 260 |
|
|
|a New York ;
|a New Delhi :
|b Tata McGraw-Hill,
|c c2010.
|
| 300 |
|
|
|a 1 v. (various pagings) :
|b ill. ;
|c 24 cm.
|
| 500 |
|
|
|a Includes index.
|
| 541 |
1 |
|
|e 00021721
|
| 505 |
0 |
|
|a Set theory -- Functions and algorithms -- Logic and propositional calculus -- Counting -- Relations -- Graph theory -- Binary trees -- Boolean algebra -- Languages, grammars, machines.
|
| 650 |
|
0 |
|a Algebra, Abstract
|v Outlines, syllabi, etc.
|
| 650 |
|
0 |
|a Combinatorial analysis
|v Outlines, syllabi, etc.
|
| 650 |
|
0 |
|a Logic, Symbolic and mathematical
|v Outlines, syllabi, etc.
|
| 700 |
1 |
|
|a Lipson, Marc Lars
|
| 700 |
1 |
|
|a Patil, Varsha H
|
| 852 |
4 |
|
|a Ayesha Abed library
|c General Shelf.
|
| 999 |
|
|
|c 10304
|d 10304
|
| 952 |
|
|
|0 0
|1 0
|2 ddc
|4 0
|6 510_LIP
|7 0
|9 13767
|a BRACUL
|b BRACUL
|c GEN
|d 2011-01-11
|e TRIM EDUCATION
|l 13
|m 94
|o 510 LIP
|p 3010021721
|r 2025-02-10
|s 2025-01-18
|t 1
|w 2011-01-11
|y BK
|